<?xml version="1.0" encoding="UTF-8"?>
<record
    xmlns:xsi="http://www.w3.org/2001/XMLSchema-instance"
    xsi:schemaLocation="http://www.loc.gov/MARC21/slim http://www.loc.gov/standards/marcxml/schema/MARC21slim.xsd"
    xmlns="http://www.loc.gov/MARC21/slim">

  <leader>01387cam a2200337 a 4500</leader>
  <controlfield tag="001">000002551</controlfield>
  <controlfield tag="005">20200929150218.0</controlfield>
  <controlfield tag="008">920113s1991    pr a     b    001 0bspa  </controlfield>
  <datafield tag="040" ind1=" " ind2=" ">
    <subfield code="a">DO-SdBNP</subfield>
    <subfield code="b">spa</subfield>
    <subfield code="c">BNPHU</subfield>
  </datafield>
  <datafield tag="082" ind1=" " ind2=" ">
    <subfield code="a">923.27295</subfield>
    <subfield code="b">A338</subfield>
  </datafield>
  <datafield tag="245" ind1="0" ind2="0">
    <subfield code="a">Pedro Albizu Campos :</subfield>
    <subfield code="b">reflexiones sobre su vida y su obra /</subfield>
    <subfield code="c">ensayos de Margot Arce de V&#xE1;zquez ... [et al.], y una selecci&#xF3;n de rese&#xF1;as period&#xED;sticas sobre su muerte y entierro ; editores Ruth Vassallo y Jos&#xE9; Antonio Torres Martin&#xF3;.</subfield>
  </datafield>
  <datafield tag="260" ind1=" " ind2=" ">
    <subfield code="a">R&#xED;o Piedras, P.R. :</subfield>
    <subfield code="b">Mari&#xE9;n,</subfield>
    <subfield code="c">1991.</subfield>
  </datafield>
  <datafield tag="300" ind1=" " ind2=" ">
    <subfield code="a">223 p. :</subfield>
    <subfield code="b">il. ;</subfield>
    <subfield code="c">23 cm.</subfield>
  </datafield>
  <datafield tag="600" ind1="1" ind2="4">
    <subfield code="a">ALBIZU CAMPOS, PEDRO</subfield>
    <subfield code="d">1891-1965.</subfield>
    <subfield code="9">8023</subfield>
  </datafield>
  <datafield tag="651" ind1=" " ind2="4">
    <subfield code="a">Puerto Rico</subfield>
    <subfield code="x">Pol&#xED;tica Y Gobierno</subfield>
    <subfield code="y">1898-1952.</subfield>
    <subfield code="9">8024</subfield>
  </datafield>
  <datafield tag="650" ind1=" " ind2="4">
    <subfield code="a">Nacionalistas</subfield>
    <subfield code="z">Puerto Rico</subfield>
    <subfield code="x">Biograf&#xED;a</subfield>
    <subfield code="9">8025</subfield>
  </datafield>
  <datafield tag="700" ind1="1" ind2=" ">
    <subfield code="a">Arce de V&#xE1;zquez, Margot</subfield>
    <subfield code="9">8026</subfield>
  </datafield>
  <datafield tag="700" ind1="1" ind2=" ">
    <subfield code="a">Carrera Ben&#xED;tez, Carlos</subfield>
    <subfield code="9">8027</subfield>
  </datafield>
  <datafield tag="700" ind1="1" ind2=" ">
    <subfield code="a">Br&#xE1;s, Juan Mari</subfield>
    <subfield code="9">8028</subfield>
  </datafield>
  <datafield tag="700" ind1="1" ind2=" ">
    <subfield code="a">Rivera Sotomayor, Jos&#xE9;</subfield>
    <subfield code="9">8029</subfield>
  </datafield>
  <datafield tag="700" ind1="1" ind2=" ">
    <subfield code="a">Rodr&#xED;quez Otero, Eladio</subfield>
    <subfield code="9">8030</subfield>
  </datafield>
  <datafield tag="700" ind1="1" ind2=" ">
    <subfield code="a">Bruno, Mi&#xF1;i Seijo</subfield>
    <subfield code="9">8031</subfield>
  </datafield>
  <datafield tag="700" ind1="1" ind2=" ">
    <subfield code="a">Pic&#xF3;, Isabel</subfield>
    <subfield code="9">8032</subfield>
  </datafield>
  <datafield tag="700" ind1="1" ind2=" ">
    <subfield code="a">Ayoroa Santaliz, Jos&#xE9; Enrique</subfield>
    <subfield code="9">8033</subfield>
  </datafield>
  <datafield tag="700" ind1="1" ind2=" ">
    <subfield code="a">Marinello, Juan</subfield>
    <subfield code="9">8034</subfield>
  </datafield>
  <datafield tag="700" ind1="1" ind2=" ">
    <subfield code="a">Falc&#xF3;n, Luis Nieves</subfield>
    <subfield code="9">8035</subfield>
  </datafield>
  <datafield tag="700" ind1="1" ind2=" ">
    <subfield code="a">Maldonado Denis, Manuel</subfield>
    <subfield code="9">8036</subfield>
  </datafield>
  <datafield tag="700" ind1="1" ind2=" ">
    <subfield code="a">Ferrer Canales, Jos&#xE9;</subfield>
    <subfield code="9">8037</subfield>
  </datafield>
  <datafield tag="700" ind1="1" ind2=" ">
    <subfield code="a">Vassallo, Ruth</subfield>
    <subfield code="e">ed.</subfield>
    <subfield code="9">8038</subfield>
  </datafield>
  <datafield tag="700" ind1="1" ind2=" ">
    <subfield code="a">Torres Martin&#xF3;, Jos&#xE9; Antonio</subfield>
    <subfield code="e">ed.</subfield>
    <subfield code="9">8039</subfield>
  </datafield>
  <datafield tag="952" ind1=" " ind2=" ">
    <subfield code="0">0</subfield>
    <subfield code="1">0</subfield>
    <subfield code="5">2</subfield>
    <subfield code="7">0</subfield>
    <subfield code="8">MO</subfield>
    <subfield code="a">GR</subfield>
    <subfield code="b">GR</subfield>
    <subfield code="c">HD</subfield>
    <subfield code="d">2009-07-03</subfield>
    <subfield code="i">LF1</subfield>
    <subfield code="l">0</subfield>
    <subfield code="o">923.27295 A338</subfield>
    <subfield code="p">2551-10</subfield>
    <subfield code="r">2020-06-25</subfield>
    <subfield code="w">2020-06-25</subfield>
    <subfield code="y">2</subfield>
    <subfield code="Z">Pr&#xE9;stamo interno</subfield>
  </datafield>
  <datafield tag="999" ind1=" " ind2=" ">
    <subfield code="c">2387</subfield>
    <subfield code="d">2387</subfield>
  </datafield>
</record>
